The economy of abundance
Zapisane w:
| 1. autor: | |
|---|---|
| Format: | Książka |
| Język: | Undetermined |
| Wydane: |
Port Washington
Kennikat Press
1971
|
| Hasła przedmiotowe: | |
| Etykiety: |
Dodaj etykietę
Nie ma etykietki, Dołącz pierwszą etykiete!
|
| Thư viện lưu trữ: | Trung tâm Học liệu Trường Đại học Cần Thơ |
|---|
| LEADER | 00467nam a2200181Ia 4500 | ||
|---|---|---|---|
| 001 | CTU_82204 | ||
| 008 | 210402s9999 xx 000 0 und d | ||
| 082 | |a 330.1 | ||
| 082 | |b C487 | ||
| 100 | |a Chase, Stuart | ||
| 245 | 4 | |a The economy of abundance | |
| 245 | 0 | |c Stuart Chase | |
| 260 | |a Port Washington | ||
| 260 | |b Kennikat Press | ||
| 260 | |c 1971 | ||
| 650 | |a Economics | ||
| 904 | |i Trọng Hải | ||
| 980 | |a Trung tâm Học liệu Trường Đại học Cần Thơ | ||